Statistics for Catholic Countries Quiz

Click here to take the quiz!

General Stats

  • This quiz has been taken 127,814 times
    (19,295 since last reset)
  • The average score is 31 of 47

Answer Stats

%Country% Correct
77Italy
97%
68Spain
96%
100Vatican City
95%
55France
93%
61Brazil
93%
85Portugal
91%
82Mexico
91%
66Argentina
90%
56Chile
87%
74Colombia
87%
75Peru
85%
94San Marino
84%
69Venezuela
83%
88Paraguay
82%
89Poland
81%
78Ireland
79%
73Bolivia
78%
88Andorra
77%
82Monaco
77%
79Ecuador
77%
63Panama
76%
56Austria
76%
58Belgium
73%
56Cuba
73%
62Costa Rica
70%
79Liechtenstein
69%
65Luxembourg
69%
73Slovenia
69%
56Haiti
68%
89Malta
68%
86Croatia
68%
58Dominican Republic
67%
83Philippines
65%
58Dominica
65%
62Slovakia
64%
61St. Lucia
47%
80Lithuania
45%
53Angola
36%
98East Timor
34%
77Cape Verde
31%
74São Tomé and Príncipe
31%
76Seychelles
26%
81Equatorial Guinea
25%
50Gabon
23%
57Kiribati
22%
55F.S. Micronesia
22%
62Burundi
18%

Score Distribution

Percentile by Number Answered

Percent of People with Each Score

Your Score History

You have not taken this quiz since the last reset